000 00419cam a2200181ua 4500
001 3829
008 111222n ii |||gr||||Z||||||asm
040 _cMAIN
082 _a780
100 _aHazarika, Parikshit,
245 1 1 _aCaryyapada
_cby Parikshit Hazarika
250 _a7th.
260 _aGuwahati:
_bDalimi Prakashan,
_c2007.
300 _a270p:
_c23cm.
653 _aMusic
653 _aCaryyapada
942 _cBK
999 _c3653
_d3653